=LDR 00000nam 2200000 4500 =001 INLIS000000000016479 =005 20130612111754 =008 ***********************************Ind** =035 ##$$0010-061300000016479 =041 ##$$a Ind =082 ##$$a 530.021 2 =090 ##$$a 530.021 2, Tam r =100 ##$$a Thamrin =245 ##$$a Rahasia penerapan rumus-rumus fisika SMU, Thamrin =260 ##$$a 2003 $b Jakarta =300 ##$$a x, 192 hlm, ilus, 20 cm =650 ##$$a Fisika-Rumus-Rumus =850 ##$$a NBPNMAT